00878nam a22002417a 450000500170000001000130001702000100003003500130004003700160005304000120006908200230008110000170010424500890012124600510021026000690026127001020033030000520043265000450048465000270052965000210055665000120057770000470058920170124103026.0 aA-579698 c45.00 aA-579698 bCen Lib/Ret aDPLbHN aउbविनय  aविनय aविभीषण /cविनय [और] अश्विनी पाराशर aVibheeshan /bby Vinay [aur] Ashvini Parashar  aदिल्ली bसाहित्य मंदिरc1991 bदिल्ली a2619-20, न्यू मार्किट, नयी सड़क e110006 a141पृ. c17सेमी(सजिल्द) aहिन्दी साहित्य aउपन्यास  aHindi literature aFiction aपाराशर, अश्विनी